000 00469nam a22001457a 4500
999 _c15732
_d15732
008 201112b ||||| |||| 00| 0 eng d
020 _a9-71080087-6 (pbk)
082 _21991
_aDFil 658.8
_bD38
100 _aDel Val, Edgar P.
_942552
245 _aMarketing management in the Philippine setting/
_cEdgar P. Del Val.
260 _aManila:
_bADMU Press,
_c©1991.
300 _avii, 221 pages;
_c22 cm.
650 _aMarketing management.
_942553
942 _2ddc
_cDFIL